000 00853nam a2200241 i 4500
001 115073
003 ES-MaACL
005 20251204133816.0
007 t|
008 070221s1908 sp a |||| | spa d
100 1 _aBurgos, Carmen de,
_d1867-1932
_932646
245 1 0 _aSenderos de vida
_b: novela /
_cde Carmen de Burgos SeguĂ­ (Colombine) ; ilustraciones de Posada.
260 _aMadrid :
_bEl Cuento Semanal,
_c1908.
300 _a20 p. :
_bil. ;
_c26 cm.
490 1 _aEl Cuento Semanal ;
_v81
530 _aDisponible en formato digital.
700 1 _aPosada
_c, ilustrador.
_993330
830 0 3 _aEl cuento semanal
_v81
_9185957
852 _aES-MaACL
_jG-4442(3)
_cDEPO2
856 4 _uhttps://bnedigital.bne.es/bd/es/viewer?id=c3bfe8ad-0a3c-4286-9aca-c5ea3966099e
_y(Biblioteca Digital Hispánica)
942 _2udc
999 _c115073
_d115073